000 00768nam a2200193Ia 4500
003 GCL
008 140319s9999 xx 000 0 ara d
040 _aGCL /
_cGCL
082 0 4 _aد
_b328.3063
_bر ت
100 1 _aمركز الامم المتحدة للمستوطنات
245 1 0 _aورقة عمل - المؤتمر الاقليمى العربى حول الاستيراتيجيات الوطنية للاسكان /
_cمركز الامم المتحدة للمستوطنات
260 _a[S.N] :
_bمركز الامم المتحدة للمستوطنات البشرية ،
_c1992
300 _aمتعددة
490 _aمن موسوعة الانساب
_v0
650 0 4 _aالاقتصاد
650 0 4 _aالبيئة
650 0 4 _aالسكان
942 _2ddc
_cCF
999 _c27181
_d27181